000
00288nam a2200121Ia 4500
008
220216s9999 xx 000 0 und d
100
_a
Sekhar B C
245
0
_a
Natural rubber boom inevitable
260
_b
Rubber Asia
_c
1994
300
_a
29-34
650
_a
Natural rubber
942
_c
JS
999
_c
63498
_d
63498